Spoločenská zodpovednosť spoločnosti Orange Slovensko, a.s diplomová práca

Na minha lista:
Detalhes bibliográficos
Autor principal: Opánska, Markéta
Autor Corporativo: Obchodná fakulta EU. Katedra marketingu
Outros Autores: Folvarčíková, Lucia, 1982-
Formato: Livro
Idioma:eslovaco
Publicado em: Bratislava 2013
Tags: Adicionar Tag
Sem tags, seja o primeiro a adicionar uma tag!

MARC

LEADER 00000nbm a2200000 4500
001 0169409
005 20161109102302.5
041 0 |a slo 
044 |a SK 
245 1 0 |a Spoločenská zodpovednosť spoločnosti Orange Slovensko, a.s  |b diplomová práca  |c Markéta Opánska ; školiteľ: Katarína Chomová 
264 1 |a Bratislava  |c 2013 
300 |a 66 s. 
100 1 |a Opánska, Markéta 
700 1 |a Folvarčíková, Lucia, 1982- 
710 2 |a Obchodná fakulta EU. Katedra marketingu